| 000 | 02206cam a22003614a 4500 | ||
|---|---|---|---|
| 005 | 20260322212049.0 | ||
| 008 | data | ||
| 010 | _a 2001006613 | ||
| 020 | _a0822503670 (lib. bdg. : alk. paper) | ||
| 020 | _a9780822503675 (lib. bdg. : alk. paper) | ||
| 040 |
_aDLC _cDLC _dDLC |
||
| 042 |
_alcac _alcac |
||
| 043 | _af-ua--- | ||
| 050 | 0 | 0 |
_aDT49 _b.Z84 2003 |
| 082 | 0 | 0 |
_a962 _221 |
| 092 | _a962 Zue 2003 | ||
| 100 | 1 |
_aZuehlke, Jeffrey, _d1968- |
|
| 245 | 1 | 0 |
_aEgypt in pictures / _cJeffrey Zuehlke. |
| 260 |
_aMinneapolis : _bLerner Publications Co., _c2003. |
||
| 300 |
_a80 p. : _bill. (chiefly col.), 2 col. maps ; _c26 cm. |
||
| 490 | 1 | _aVisual geography series | |
| 504 | _aIncludes bibliographical references and index. | ||
| 505 | 0 | _aThe land : the Nile River and Delta, deserts, the Aswan High Dam, climate, flora and fauna, natural resources, Cairo, port cities, secondary cities -- History and government : the Old and Middle Kingdoms, the New Kingdom, Greek and Roman rule, early Arab rulers, Mamluk and Ottoman control, Muhammad Ali Pasha and European intervention, independence, the 1952 revolution, the Suez War, unity and conflict, Anwar el-Sadat and peace with Israel, Hosni Mubarak, moving into the future, government -- The people : ethnic groups, way of life, health, education, langauge-- Cultural life : religion, architecture, literature, television and film, marriage, social life and customs, festivals and food, sports and recreation -- The Economy : agriculture, industry, transportation, trade and tourism, the future. | |
| 520 | _aDiscusses the physical features, history, government, people, culture, and economy of Egypt. | ||
| 651 | 0 |
_aEgypt _vJuvenile literature. |
|
| 651 | 0 |
_aEgypt _vJuvenile literature. _vJuvenile literature. |
|
| 651 | 1 | _aEgypt. | |
| 830 | 0 | _aVisual geography series (Minneapolis, Minn.) | |
| 906 |
_a7 _bcbc _corignew _d1 _eecip _f20 _gy-gencatlg |
||
| 925 | 0 |
_aacquire _b1 shelf copies _xpolicy default |
|
| 955 |
_dlb06 2001-12-17 _eyh31 2003-01-13 to BCCD _dlb06 2001-12-17 _fyh06 2003-01-10 _eyh31 2003-01-13 to BCCD |
||
| 001 | data | ||
| 999 |
_c1152 _d1152 |
||